A tanárképző főiskola koncertje
Elmentve itt :
| Szerző: | |
|---|---|
| Dokumentumtípus: | Cikk |
| Megjelent: |
1970-11-27
|
| Sorozat: | Délmagyarország
60 No. 278 |
| Kulcsszavak: | Baranyi Albertné, Bartók Béla, Veszely Gabriella, Zenei élet hangverseny Szeged 1970, zeneélet 1962-1979 |
| Online Access: | http://dmarchiv.bibl.u-szeged.hu/63373 |
| LEADER | 00552nab a2200157 i 4500 | ||
|---|---|---|---|
| 001 | delm63373 | ||
| 005 | 20180927151241.0 | ||
| 008 | 180927s1970 hu o 0|| hun d | ||
| 040 | |a SZTE Délmagyarország Archívum |b hun | ||
| 041 | |a hun | ||
| 100 | 1 | |a Szatmári Géza | |
| 245 | 1 | 2 | |a A tanárképző főiskola koncertje |h [elektronikus dokumentum] / |c Szatmári Géza |
| 260 | |c 1970-11-27 | ||
| 300 | |a 5 | ||
| 490 | 0 | |a Délmagyarország |v 60 No. 278 | |
| 695 | |a Baranyi Albertné, Bartók Béla, Veszely Gabriella, Zenei élet hangverseny Szeged 1970, zeneélet 1962-1979 | ||